Defending neutrality (Record no. 151658)
[ view plain ]
| 000 -LEADER | |
|---|---|
| fixed length control field | 01583nam a2200385Ia 4500 |
| 082 04 - DEWEY DECIMAL CLASSIFICATION NUMBER | |
| Classification number | 940.3/25492 |
| 100 1# - MAIN ENTRY--AUTHOR NAME | |
| Personal name | Klinkert, W. |
| 245 10 - TITLE STATEMENT | |
| Title | Defending neutrality |
| 260 ## - PUBLICATION, DISTRIBUTION, ETC. (IMPRINT) | |
| Place of publication | Leiden : |
| Name of publisher | Brill, |
| Year of publication | 2013. |
| 300 ## - PHYSICAL DESCRIPTION | |
| Number of Pages | viii, 328 p. |
| 490 0# - SERIES STATEMENT | |
| Series statement | History of warfare, |
| 650 #0 - SUBJECT ADDED ENTRY--TOPICAL TERM | |
| Topical Term | Neutrality |
| Topical Term | Neutrality, Armed |
| Topical Term | World War, 1914-1918 |
| Topical Term | World War, 1914-1918 |
| 856 40 - ELECTRONIC LOCATION AND ACCESS | |
| Uniform Resource Identifier | http://site.ebrary.com/lib/rucke/Doc?id=10729242 |
No items available.
